L'art cinématographique. (Record no. 182236)

MARC details
000 -LEADER
campo de control de longitud fija 00994nam a2200241 i 4500
001 - NÚMERO DE CONTROL
campo de control 182236
003 - IDENTIFICADOR DE NÚMERO DE CONTROL
campo de control ES-MaACL
005 - FECHA Y HORA DE LA ÚLTIMA TRANSACCIÓN
campo de control 20250904002144.0
008 - DATOS DE LONGITUD FIJA--INFORMACIÓN GENERAL
campo de control de longitud fija 130723s1927 fr |||| | fre d
245 02 - MENCIÓN DEL TÍTULO
Título L'art cinématographique.
Número de parte o sección de la obra II /
Mención de responsabilidad, etc. L.P. Quint, G Dulac, L. Landry, Abel Gance.
260 ## - PUBLICACIÓN, DISTRIBUCIÓN, ETC.
Lugar de publicación, distribución, etc. Paris :
Nombre del editor, distribuidor, etc. Félix Alcan,
Fecha de publicación, distribución, etc. 1927.
300 ## - DESCRIPCIÓN FÍSICA
Extensión 105 p., VII h. de lám. ;
Dimensiones 19 cm.
505 8# - NOTA DE CONTENIDO CON FORMATO
Nota de contenido con formato Contiene: L.P. Quint, Signification du cinéma. - L. Landry, Les esthétiques, les entraves, La cinégraphie intégrale. - L. Landry, Formation de la sensibilité. - Abel Gance, Le temps de l'image est venu !
650 07 - PUNTO DE ACCESO ADICIONAL DE MATERIA--TÉRMINO DE MATERIA
Término de materia o nombre geográfico como elemento de entrada Cine
Fuente del encabezamiento o término embne
9 (RLIN) 11010
650 #7 - PUNTO DE ACCESO ADICIONAL DE MATERIA--TÉRMINO DE MATERIA
Término de materia o nombre geográfico como elemento de entrada Estética cinematográfica
Fuente del encabezamiento o término embne
9 (RLIN) 12542
650 #4 - PUNTO DE ACCESO ADICIONAL DE MATERIA--TÉRMINO DE MATERIA
Término de materia o nombre geográfico como elemento de entrada Arte-
Subdivisión general En el cine.
9 (RLIN) 153070
700 0# - ENTRADA AGREGADA--NOMBRE PERSONAL
Nombre de persona Pierre-Quint, Léon.
9 (RLIN) 91961
700 1# - ENTRADA AGREGADA--NOMBRE PERSONAL
Nombre de persona Dulac, Germaine (
Fechas asociadas al nombre 1885-1942)
9 (RLIN) 153071
700 0# - ENTRADA AGREGADA--NOMBRE PERSONAL
Nombre de persona Landry, Lionel.
9 (RLIN) 69974
700 1# - ENTRADA AGREGADA--NOMBRE PERSONAL
Nombre de persona Gance, Abel,
Fechas asociadas al nombre 1889-1981
9 (RLIN) 153072
852 ## - LOCALIZACIÓN
Ubicación ES-MaACL
Número de control de estantería C-7029
Holdings
Estatus retirado Estado de pérdida Estado de daño No para préstamo Biblioteca de origen Biblioteca actual Ubicación en estantería Fecha de adquisición Fuente de adquisición Total de préstamos Signatura topográfica completa Código de barras Visto por última vez Precio de reemplazo Tipo de ítem Koha
        Biblioteca del Ateneo de Madrid Biblioteca del Ateneo de Madrid Sala Palomar 23/07/2013     C-7029 1191511 23/02/2023 23/02/2023 Libro impreso